000 00642nam a22002057a 4500
003 OSt
008 260629b |||||||| |||| 00| 0 eng d
020 _a9781668456729
082 _a338.1
_bI43R
100 _aIRMA
245 _aResearch Anthology on Strategies for Achieving Agricultural Sustainability /
_cby Information Resources Management Association; Volume - lII
260 _a.- USA
_b: IGI Global
_c, 2022
300 _axxii,(909-1364)p.
650 _aSocial Sciences
650 _aEconomics
650 _aAgricultural Innovations
650 _aSustainable Agriculture
650 _aSustainable Development
942 _2ddc
_cBK
999 _c52454
_d52454